| 000 | 00387 a2200169 4500 | ||
|---|---|---|---|
| 001 | 189743 | ||
| 020 | _a978-85-260-0028-5 | ||
| 040 | _cMagnum | ||
| 100 | _aZilbermann, Regina | ||
| 240 | 1 | 0 |
_aMelhores contos de Moacyr Scliar _lpor |
| 245 | 1 | 0 | _aMelhores contos de Moacyr Scliar |
| 300 | _a270 | ||
| 362 | 0 | _a2003 | |
| 440 | 1 | _aGlobal | |
| 697 | _aLITERATURA GERAL | ||
| 942 | _cBK | ||
| 999 |
_c189743 _d189743 |
||